00410nam a2200157 a 450000100060000000300090000600800410001504000280005608200180008410000170010224500220011926000520014130000080019365000300020165000210023114289CO-ViMGA141112s2004 ck r 000 u spa d aCO-ViMGAbspacCO-ViMGA04a951.058 D854r1 aSung, Dixson10aRepublic of china aNueva York : bHilit Publishing Company, c1986 a51914aCHINA - ASPECTOS SOCIALES14aCHINA - HISTORIA